| 000 | 01024nam a22002177a 4500 | ||
|---|---|---|---|
| 999 |
_c26687 _d26687 |
||
| 005 | 20210325190857.0 | ||
| 008 | s2538 th tha d | ||
| 020 | _a9745584561 | ||
| 040 | _aNALT | ||
| 041 | _atha | ||
| 090 |
_aRA 776.5 _bฉ422ก 2538 |
||
| 100 | 0 |
_aเฉลิมพล ตันสกุล _914720 |
|
| 245 | 1 | 0 |
_aการศึกษาความเชื่อด้านสุขภาพของประชาชนในชุมชนแออัดในกรุงเทพมหานคร = _bA study on health belief of people in Slum area Bangkok metropolis / _cเฉลิมพล ตันสกุล. |
| 260 |
_aกรุงเทพฯ : _bมหาวิทยาลัยมหิดล, _c2538. |
||
| 300 |
_a14 หน้า : _bตาราง ; _c26 ซม. |
||
| 650 | 4 |
_aชุมชนแออัด _913094 _xวิจัย |
|
| 650 | 4 |
_aสุขภาพชุมชน _913378 _xวิจัย |
|
| 850 | _aNALT | ||
| 942 |
_cRSH _2lcc |
||